Siete poesías /
Guardado en:
| Hovedforfatter: | |
|---|---|
| Format: | Ukendt |
| Fag: | |
| Tags: |
Tilføj Tag
Ingen Tags, Vær først til at tagge denne postø!
|
MARC
| LEADER | 000000000a22000000004500 | ||
|---|---|---|---|
| 001 | 005517 | ||
| 100 | 1 | |a Ramos, Guillermo | |
| 245 | 1 | 0 | |a Siete poesías / |c Guillermo Ramos. |
| 310 | |a Trimestral | ||
| 650 | 4 | |a LITERATURA COSTARRICENSE | |
| 650 | 4 | |a POESIA | |
| 773 | 0 | |d Heredia, Costa Rica : Editorial de la Universidad Nacional |t Letras |g número 4-5 (1980), páginas 281-286 | |
| 942 | |c ARC | ||
| 999 | |c 12313 |d 12313 | ||
